000 00964nam a22002778i 4500
001 l6823gw1jsrf8x9n
003 LIBRIS
005 20260329150051.0
008 251218s2026 xx |||||||||||000 0|eng|d
020 _a9783037683088
_qinbunden
035 _a(BOKR)9783037683088
040 _aBOKR
_ei
_cn
041 _aeng
082 _a728.09724 V27 2025
100 1 _aVan Uffelen, Chris
_4aut
245 1 0 _aJapanese Homes: Minimalism, Balance, Elegance /
_cChris van Uffelen.
263 _a202601
264 1 _bThames & Hudson Ltd.
_c2026
300 _a192 pages, 28 cm.
_c28 cm
336 _atext
_btxt
_2rdacontent
337 _aunmediated
_bn
_2rdamedia
338 _avolume
_bnc
_2rdacarrier
650 _aContemporary Japanese residential architecture – Minimalist homes – Design principles – Interiors and exterior spatial balance
887 _a{"@id":"l6823gw1jsrf8x9n","modified":"2025-12-18T08:02:16.387+01:00"}
_2librisxl
942 _2ddc
_cBK-EN
_n0
999 _c8655
_d8655